Beinamen von Städten - Klick Quiz - Statistiken

Allgemein
  • Dieses Quiz wurde 115 mal gespielt
    27 seit der letzten Aktualisierung
  • Das Durchschnittsergebnis liegt bei 9 aus 15
Antwortstatistiken
Hint Antwort % Korrekt
Hansestadt Hamburg
100%
Rattenfängerstadt Hameln
84%
Mozartstadt Salzburg
84%
Lutherstadt Wittenberg
80%
Dreiflüssestadt Passau
72%
Wartburgstadt Eisenach
68%
Quadratestadt Mannheim
64%
Klingenstadt Solingen
56%
Wissenschaftsstadt Darmstadt
48%
Schillerstadt Marbach am Neckar
48%
Nibelungenstadt Worms
48%
Goethestadt Bad Lauchstädt
28%
Limmatstadt Zürich
28%
Eulenspiegelstadt Mölln
24%
Gartenstadt Tulln an der Donau
20%
Keine übereinstimmenden Quizze gefunden
Verteilung der Resultate
Anzahl Personen mit jedem Resultat
Perzentil nach korrekt beantworteten Fragen
Ihre Resultats-Entwicklung
Sie haben dieses Quiz seit der letzten Aktualisierung nicht gespielt